Les plus gros transferts du football - Gardiens de but - 2010-2011 - Statistiques

Statistiques générales
  • Ce quiz a été pris 8 fois
  • Le résultat moyen est 2 sur 10
Statistiques - réponses
Montant de transfert (M €) Nationalité Venant de Allant à Joueur % Correct
5,00 Danemark Aalesund Manchester United Anders Lindegaard
50%
4,50 Portugal SC Braga Genoa Eduardo
50%
3,50 Brésil Atlético Paranaense Fiorentina Neto
38%
7,00 Angleterre Manchester United Birmingham Ben Foster
25%
8,50 Espagne Atlètico Madrid Benfica Roberto
25%
2,80 Australie Middlesbrough Liverpool Brad Jones
13%
4,50 Italie AC Milan Juventus Turin Marco Storari
13%
3,00 Argentine Atlante Monarcas Morelia Federico Vilar
0%
3,10 Ukraine Metalurg Z. Dynamo Kyiv Maksym Koval
0%
3,00 Croatie Inter Zapresic Chelsea Matej Delac
0%
Aucun quiz correspondant
Distribution des résultats
% des personnes avec chaque résultat
Percentile par nombre de réponses
Votre historique - résultats
Vous n’avez pas pris ce quiz